000 02226nam a2200433 c 4500
003 BLK
005 20250801125849.0
008 180409b bul|||||r ||||||| ||bul||
010 _aKNG00105878000
020 _a954-9882-19-5
040 _aBLK
041 _aBUL
_cBUL
080 _aИкономическа психология. Икономическо поведение. Физиологични и психологични елементи. Интереси. Икономически дух
_b330.16
_z330.16
080 _aПари. Банково дело. Борса. Валутен борд. Вж и 347.73 ; 368
_b336.7
_z336.7
080 _aЕтика на бизнеса. Успех
_b174.4
_z174.4
100 1 _aКийосаки, Робърт
_eпърви автор
_9374208
139 _aКийосаки, Робърт и др.
_bК 53
245 1 0 _aБогат татко, беден татко
_bуроците за парите, на които богатите учат децата си, а бедните и средната класа - не !
_cРобърт Кийосаки; съавт. Шарън Л. Лехтър; прев. от англ. Красимира Матева.
260 _aСофия
_bАнхира
_c2002
_fСофия : Максла
300 _a192 с.
_c23 см
380 _a3
500 _aОриг. загл. Rich Dad, Poor Dad / Robert T. Kiyosaki, Sharon L. Lechter. - Съдържа и за авторите. - Доп. тир. 2014
650 4 _aБизнес - психологични и етични проблеми
_9256038
650 4 _aИкономическо поведение
_9245306
650 4 _aПари
_9165704
650 4 _aИнвестиции
_9157148
653 _aбизнес
653 _aетика
653 _aинвестиции
700 1 _aЛехтър, Шарън Л.
_eсъавт.
_988603
700 1 _aМатева, Красимира
_eпрев. от англ.
_9363624
852 _aЦб 214732
856 4 _qpdf
856 4 _qpdf
942 _cKNG
_n0
_022
944 _aCR
_c01.01.2002
_lРусанова Ирена
_k30542
944 _aED
_c16.09.2016
_lф /
_kЛюдмила_Стоянова
999 _c100850
_d100850
999 _d100850